LEADER 01014nam 2200373 450 001 990001012890203316 035 $a0101289 035 $aUSA010101289 035 $a(ALEPH)000101289USA01 035 $a0101289 100 $a20020304d--------km-y0itay0103----ba 101 $afre 102 $aFR 110 $aaja-------- 200 1 $aCahiers du monde hispanique et Luso-Brèsilien 210 $aToulouse$cInst. d'Etudes Hispaniques 215 $av.$d24 cm 300 $aDir. M.H. Delgrado 326 1 $aSemestrale 410 $12001 606 0 $aSpagna$xStoria$xPeriodici 606 0 $aBrasile$xStoria$xPeriodici 676 $a966 702 1$aDELGADO,$bM.H. 801 0$aIT$bsalbc$gISBD 912 $a990001012890203316 958 $aUMA$c1966 959 $aSE 969 $aUMA 979 $aPATTY$b90$c20020304$lUSA01$h1551 979 $c20020403$lUSA01$h1742 979 $aPATRY$b90$c20040406$lUSA01$h1710 996 $aCahiers du monde hispanique et luso-brésilien$9796523 997 $aUNISA LEADER 01711nam0 22003733i 450 001 TO00021810 005 20231121125832.0 020 $aIT$b69-11261 100 $a20001204d1969 ||||0itac50 ba 101 | $aita 102 $ait 181 1$6z01$ai $bxxxe 182 1$6z01$an 200 1 $aAppunti sulla tradizione manoscritta degli inni di Sinesio$fAntonio Dell'Era 210 $aRoma$cEdizioni di Storia e Letteratura$d1969 215 $aX, 108 p., [2] c. di tav.$d26 cm 225 | $aTemi e testi$v16 410 0$1001CFI0027849$12001 $aTemi e testi$v16 606 $aSinesio : di Cirene . Inni$xTradizione manoscritta$2FIR$3SBLC127708$9E 676 $a186.4$9Filosofia neoplatonica.$v22 676 $a888.01$9Miscellanea greca classica. Periodo antico, fino al 499 ca.$v22 700 1$aDell'Era$b, Antonio$3TO0V012697$4070$0185979 801 3$aIT$bIT-01$c20001204 850 $aIT-RM0313 $aIT-RM0418 $aIT-FR0084 $aIT-RM0460 $aIT-FR0017 899 $aBIBLIOTECA CASANATENSE$bRM0313 899 $aBIBLIOTECA ACCADEMIA NAZ. DEI LINCEI E CORSINIANA$bRM0418 899 $aBiblioteca Del Monumento Nazionale Di Montecassino$bFR0084 899 $aBiblioteca Dell' Archivio Centrale Dello Stato$bRM0460 899 $aBiblioteca umanistica Giorgio Aprea$bFR0017 $eN 912 $aTO00021810 950 0$aBiblioteca umanistica Giorgio Aprea$d 52S.SIJ. LG3 Syn.Hym.Del.$e 52FLS0000183255 VMB RS $fA $h20181010$i20181010 977 $a 07$a 10$a 25$a 27$a 52 996 $aAppunti sulla tradizione manoscritta degli inni di Sinesio$9537601 997 $aUNICAS